Pretty little liars Season 7 - Statistics

General Stats
  • This quiz has been taken 471 times
  • The average score is 8 of 14
Answer Stats
Hint Answer % Correct
How many kids did Emily and Alison have? 2
92%
Who was AD/uber A? Alex Drake
89%
Who killed A? Mona Vanderwaal
78%
Who was A? Cece Drake
74%
Who took the blame for Rollin's murder? Mary Drake
65%
Who can't have kids? Aria Montgomery
64%
Who got kidnapped with Spencer? Ezra Fitz
63%
Who is the father to Emily's kids? Wren Kingston
60%
What was the name of Toby's wife who died? Yvonne Phillips
60%
What was Rollin's real name? Archer Dunhill
53%
Where does Mona move to? France
50%
Who is she keeping in her doll house? Alex and Mary Drake
36%
Where were they kept hostage? Toby's house
24%
Where did Ali find her puzzle? Baby Shop
21%
No matching quizzes found
Score Distribution
Percent of People with Each Score
Percentile by Number Answered
Your Score History
You have not taken this quiz